Vadakkukizhakkan mekhalaykku oru Indian rubberinam (Record no. 75021)

MARC details
000 -LEADER
fixed length control field 00277nam a22001097a 4500
100 ## - MAIN ENTRY--AUTHOR NAME
Personal name Reju, M.J.
245 ## - TITLE STATEMENT
Title Vadakkukizhakkan mekhalaykku oru Indian rubberinam
260 ## - PUBLICATION, DISTRIBUTION, ETC. (IMPRINT)
Name of publisher Rubber, 669(February): 10-13.
Year of publication 2022
650 ## - SUBJECT ADDED ENTRY--TOPICAL TERM
Topical Term RRII 429
700 ## - ADDED ENTRY--PERSONAL NAME
Personal name Meenakumari, T.
942 ## - ADDED ENTRY ELEMENTS (KOHA)
Koha item type Journals
Holdings
Withdrawn status Lost status Damaged status Not for loan Home library Current library Date acquired Koha item type
        RRII Library RRII Library 05/07/2023 Journals